Bremen - Ortsteile - Statistiken

Allgemein
  • Dieses Quiz wurde 313 mal gespielt
  • Das Durchschnittsergebnis liegt bei 34 aus 89
Antwortstatistiken
Stadtteil Ortsteil % Korrekt
Vahr Gartenstadt Vahr
82%
Neue Vahr Nord
82%
Neue Vahr Südost
82%
Neue Vahr Südwest
82%
Walle
82%
Horn-Lehe Horn
81%
Neustadt
78%
Burglesum Burg-Grambke
77%
Gröpelingen
77%
Oberneuland Oberneuland
76%
Vegesack Vegesack
76%
Schwachhausen Neu-Schwachhausen
75%
Blumenthal Blumenthal
73%
Osterholz
72%
Schwachhausen
72%
Woltmershausen Woltmershausen
72%
Lesum
70%
Hemelingen
69%
Lehe
67%
Bahnhofsvorstadt
62%
Überseestadt
61%
Tenever
60%
Arsten
55%
35 Borgfeld
52%
Mitte Altstadt
51%
Kattenturm
49%
Hastedt
43%
Mahndorf
43%
Oslebshausen
43%
Farge
42%
Obervieland Habenhausen
41%
Hemelingen Sebaldsbrück
41%
Östliche Vorstadt Steintor
41%
41 Blockland
40%
St. Magnus
40%
Aumund-Hammersbeck
38%
Ostertor
38%
27 Strom
38%
Huckelriede
36%
Peterswerder
35%
Grolland
34%
Kattenesch
34%
Kirchhuchting
34%
Rablinghausen
34%
Buntentor
32%
Grohn
32%
Rekum
31%
26 Seehausen
31%
Blockdiek
30%
Weidedamm
30%
Stadtbremisches Überseehafengebiet Bremerhaven
29%
Radio Bremen
28%
Bürgerpark
27%
Schönebeck
27%
Neustadt Alte Neustadt
26%
Arbergen
25%
Gete
25%
Häfen Industriehäfen
25%
Huchting Mittelshuchting
24%
Walle Utbremen
24%
Hohentor
23%
Rönnebeck
23%
Findorff-Bürgerweide
22%
Hulsberg
22%
Neustädter Hafen
22%
Lüssum-Bockhorn
21%
Burgdamm
20%
Lehesterdeich
20%
Riensberg
18%
Gröpelingen Lindenhof
17%
Neuenland
17%
Fesenfeld
16%
Gartenstadt Süd
16%
Findorff Regensburger Straße
16%
Sodenmatt
16%
Barkhof
15%
Hohentorshafen
13%
Ohlenhof
13%
Werderland
13%
Ellenerbrok-Schevemoor
12%
Osterholz Ellener Feld
12%
Fähr-Lobbendorf
12%
Osterfeuerberg
12%
Hohweg
10%
Steffensweg
10%
In den Hufen
9%
In den Wischen
9%
Westend
9%
Südvorderstadt
6%
Keine übereinstimmenden Quizze gefunden
Verteilung der Resultate
Anzahl Personen mit jedem Resultat
Perzentil nach korrekt beantworteten Fragen
Ihre Resultats-Entwicklung
Sie haben dieses Quiz noch nicht gespielt